Statistics for Julia Louis-Dreyfus Filmography

Click here to take the quiz!

General Stats

  • This quiz has been taken 34 times
    (5 since last reset)
  • The average score is 18 of 61

Answer Stats

TypeYearName% Correct
TV Show2000-2001, 2009Curb Your Enthusiasm
80%
TV Show1982-1985, 2006, 2007, 2016Saturday Night Live
80%
TV Show1990-1998Seinfeld
80%
TV Show2012-2019Veep
80%
Film2022Black Panther: Wakanda Forever
60%
Film2013Enough Said
60%
TV Show2006-2010The New Adventures of Old Christine
60%
Film2025Thunderbolts
60%
Film2023You Hurt My Feelings
60%
Film2023You People
60%
TV Show2004-2005Arrested Development
40%
Film2021Black Widow
40%
Film1997Fathers' Day
40%
TV Show2001, 2007, 2008The Simpsons
40%
TV Show2002-2003Watching Ellie
40%
TV Show2012Web Therapy
40%
Web Series2010Web Therapy
40%
TV Special201821st Annual Mark Twain Prize for Humor: Celebrating Julia Louis-Dreyfus
20%
TV Show201030 Rock
20%
Film1998A Bug's Life
20%
Music Video2020Actually Vote
20%
TV Film1999Animal Farm
20%
Web Series2019Archibald's Next Big Thing
20%
Commercial2000AT&T
20%
Short Film2020Citizens of New Mushroomton
20%
Commercial1995-1996Clairol Nice-N-Easy
20%
Web Series2015, 2016Comedians in Cars Getting Coffee
20%
Commercial2003Commerce Bank
20%
TV Show1988-1989Day by Day
20%
Film1997Deconstructing Harry
20%
TV Show1992Dinosaurs
20%
Film2020Downhill
20%
TV Show1997Dr. Katz, Professional Therapist
20%
TV Show1988Family Ties
20%
TV Film2000Geppetto
20%
Film1996Good Money
20%
Film1986Hannah and Her Sisters
20%
Commercial2009Healthy Choice
20%
TV Show1997Hey Arnold!
20%
TV Show2023HouseBroken
20%
TV Show2015Inside Amy Schumer
20%
Film1993Jack the Bear
20%
TV Film1996London Suite
20%
Short Film2013Making a Scene
20%
Film1989National Lampoon's Christmas Vacation
20%
Film1994North
20%
Commercial2014-2015Old Navy
20%
Film2020Onward
20%
Short Film2012Picture Paris
20%
Film2013Planes
20%
Commercial1996Smith's Crisp
20%
Film1986Soul Man
20%
Film2016Stars in Shorts: No Ordinary Love
20%
TV Pilot1986The Art of Being Nick
20%
TV Show2005The Fairly OddParents
20%
Web Mini-Series2021The Falcon and the Winter Soldier
20%
TV Show1995The Single Guy
20%
TV Documentary2017The Words That Built America
20%
Film1986Troll
20%
Film2023Tuesday
20%
Podcast2023Wiser Than Me with Julia Louis-Dreyfus
20%

Score Distribution

Percentile by Number Answered

Percent of People with Each Score

Your Score History

You have not taken this quiz since the last reset